00518nam a2200193Ia 4500003000400000005001700004008004100021020001800062040000700080041000800087082001300095100003000108245007000138260004300208300001800251365001300269650001400282650002800296OSt20230418145318.0210423s2011 xx 000 0 und d a9788131725177 cAL aeng a337 CAVS aCAVUSGIL (S Tamer);others aInternational business: strategy management and the new realities aDelhibPearson Education Pvt Ltdc2011 axxxiv,602bPB b575cINR aEconomics aInternational Economics